000 00995nam a22002537a 4500
999 _c65603
_d65603
005 20240530110834.0
008 191008s2008 ua a f b 000 0 ara d
017 _a2008/5921
_bمصر. دار الكتب
020 _a9789770923523
040 _aEG-CaGPL
_cEG-CaGPL
082 0 4 _221
_a320.120962
_bق/ا ت
100 0 _aالفت احمد الخشاب
245 1 0 _aتاريخ تطور حدود مصر :
_bوتاثيرة على الامن القومى المصرى 1892-1988/
_cالفت احمد الخشاب
250 _aط.1
260 _aالقاهرة :
_bدار الشروق ،
_c2008
300 _a511 ص. :
_bايض. ؛
_c24 سم .
504 _aيشتمل على ارجاعات ببليوجرافية
650 0 7 _2qrmak
_aالحدود السياسية
_zسيناء -تاريخ
651 0 7 _2qrmak
_aمصر
_xالحدود السياسية
651 0 7 _aشبة جزيرة سيناء
651 0 7 _aطابا
942 _2ddc
_cBK